00401nam a2200121Ia 4500008004100000245011200041260002600153260000900179300000800188650002600196650001200222856004500234170516s9999 xx 000 0 und d aClinical results of renal artery embolization to control postoperative hemorrhage after partial nephrectomy bActa Radiologica Open c2016 a5:8 xRadiologic Technology xRadtech uhttp://journals.sagepub.com/toc/arrb/5/8